| 000 | 00821nam a2200229 a 4500 | ||
|---|---|---|---|
| 001 | 000014887 | ||
| 005 | 20200929163922.0 | ||
| 008 | 100127s2006 dr 001 0 spa d | ||
| 040 |
_aDO-SdBNP _bspa _cBNPHU |
||
| 082 |
_a363.3 _bJ85i |
||
| 100 | 1 |
_aJota, Víctor _933720 |
|
| 245 | 1 | 3 |
_aLa inseguridad ciudadana en la República Dominicana : _bun asunto de todos / _cVíctor Jota ; colaboración Pilar Fernández. |
| 260 |
_aSanto Domingo : _bPaloma, _c2006. _fCorripio |
||
| 300 |
_a126 p. ; _c22 cm. |
||
| 504 | _aBibliografías : p. 125-126 | ||
| 650 | 4 |
_aInseguridad (problemas sociales) _933721 |
|
| 650 | 4 |
_aSeguridad ciudadana _910343 |
|
| 650 | 4 |
_aDelito contra la seguridad pública _933722 |
|
| 651 | 4 |
_aRepública Dominicana _xCondiciones Sociales _946 |
|
| 700 | 1 |
_aFernández, Pilar _933723 |
|
| 049 | _aBNPD | ||
| 999 |
_c14467 _d14467 |
||